[Event "Madrid-ch Sub14 2022"]
[Site "Madrid ESP"]
[Date "2022.04.03"]
[Round "3.7"]
[White "Bartolome Benito, Alejandro"]
[Black "Raskin Calvo, Maximilian"]
[Result "1-0"]
[WhiteElo "1546"]
[BlackElo "1397"]
[PlyCount "93"]
[EventDate "2022.04.02"]
[EventType "swiss"]
[EventRounds "6"]
[EventCountry "ESP"]
[SourceTitle "Ajedrez en Madrid"]
[Source "lmi"]
[SourceDate "2022.07.30"]
[SourceVersion "1"]
[SourceVersionDate "2022.07.30"]
[SourceQuality "1"]

1. e4 c6 2. d4 d5 3. exd5 cxd5 4. Bd3 Nc6 5. c3 Nf6 6. Bf4 h6 7. Nd2 Bg4 8. Qb3
Qc8 9. Ngf3 Bxf3 10. Nxf3 e6 11. O-O Be7 12. Ne5 O-O 13. Rae1 a6 14. Bd2 b5 15.
f4 Na5 16. Qc2 Nc4 17. f5 Nxe5 18. dxe5 Bc5+ 19. Kh1 Ng4 20. Re2 Qc7 21. b4 Bb6
22. h3 Nxe5 23. Bf4 f6 24. fxe6 Qb8 25. Bg6 Bc7 26. e7 Nxg6 27. exf8=Q+ Nxf8
28. Bxc7 Qxc7 29. Rfe1 Qc6 30. Qd3 Nd7 31. Re6 Qc4 32. Qxc4 dxc4 33. Re8+ Rxe8
34. Rxe8+ Kf7 35. Ra8 Nb6 36. Rxa6 Na4 37. Kg1 Kg6 38. Ra7 Nxc3 39. Kf2 Kf5 40.
Ke3 Nd5+ 41. Kd4 Nxb4 42. Kc5 Nd3+ 43. Kxb5 Nf4 44. Kxc4 Nxg2 45. Rxg7 Ne3+ 46.
Kc5 Kf4 47. a4 1-0

[Event "Madrid-ch Sub14 2022"]
[Site "Madrid ESP"]
[Date "2022.04.03"]
[Round "3.8"]
[White "Torres Rebolledo, Marcos"]
[Black "Blazquez Sanz, Oscar"]
[Result "1/2-1/2"]
[WhiteElo "1526"]
[BlackElo "1619"]
[PlyCount "86"]
[EventDate "2022.04.02"]
[EventType "swiss"]
[EventRounds "6"]
[EventCountry "ESP"]
[SourceTitle "Ajedrez en Madrid"]
[Source "lmi"]
[SourceDate "2022.07.30"]
[SourceVersion "1"]
[SourceVersionDate "2022.07.30"]
[SourceQuality "1"]

1. d4 Nf6 2. c4 g6 3. Nc3 Bg7 4. e4 d6 5. Be2 O-O 6. Bg5 h6 7. Be3 e5 8. d5 Ne8
9. g4 f5 10. gxf5 gxf5 11. exf5 Bxf5 12. Qd2 Rf6 13. Bd3 Qd7 14. Ne4 Bxe4 15.
Bxe4 Qg4 16. f3 Qd7 17. Ne2 Na6 18. Rg1 Qh3 19. Ng3 Nc5 20. O-O-O a5 21. Rg2 a4
22. Nf5 Rxf5 23. Bxf5 Qxf5 24. Bxh6 Kh7 25. Bxg7 Nxg7 26. Rdg1 Nd3+ 27. Kd1 Nh5
28. Rg5 Qxf3+ 29. Kc2 Ndf4 30. Kb1 Qe4+ 31. Ka1 a3 32. Qc3 axb2+ 33. Qxb2 Qd4
34. Qxd4 exd4 35. Kb2 d3 36. R1g4 Re8 37. Kc3 Re2 38. Rf5 Rc2+ 39. Kb3 Rc1 40.
Rf7+ Kh6 41. Rf8 Kh7 42. Rf7+ Kh6 43. Rf8 Kh7 1/2-1/2

[Event "Madrid-ch Sub14 2022"]
[Site "Madrid ESP"]
[Date "2022.04.09"]
[Round "4.1"]
[White "Calvo Gonzalez, Jose Felix"]
[Black "Horcajuelo Rocamora, Martin"]
[Result "0-1"]
[WhiteElo "2078"]
[BlackElo "2212"]
[PlyCount "84"]
[EventDate "2022.04.02"]
[EventType "swiss"]
[EventRounds "6"]
[EventCountry "ESP"]
[SourceTitle "Ajedrez en Madrid"]
[Source "lmi"]
[SourceDate "2022.07.30"]
[SourceVersion "1"]
[SourceVersionDate "2022.07.30"]
[SourceQuality "1"]

1. e4 c5 2. Nf3 d6 3. d4 cxd4 4. Nxd4 Nf6 5. Nc3 a6 6. Bc4 e6 7. O-O b5 8. Bb3
Be7 9. Qf3 Qb6 10. Rd1 b4 11. Nce2 O-O 12. c3 Bb7 13. Bc2 Nbd7 14. cxb4 Ne5 15.
Qe3 Rfc8 16. Nc3 Qxb4 17. Nb3 Nc4 18. Qe2 a5 19. a3 Qb6 20. Na4 Qc7 21. Bd3 Ne5
22. Nc3 Nxd3 23. Qxd3 Qc4 24. Qxc4 Rxc4 25. f3 d5 26. exd5 Nxd5 27. Nxd5 Bxd5
28. Nd4 Rb8 29. Ne2 Bf6 30. Nf4 Bc6 31. Nd3 Ba4 32. Re1 Rd8 33. Nf2 Bd4 34. Re2
Rdc8 35. Be3 Bf6 36. Ne4 Be5 37. Bb6 Rc1+ 38. Rxc1 Rxc1+ 39. Kf2 Bb5 40. Rd2 f5
41. Ng5 Rf1+ 42. Ke3 f4+ 0-1

[Event "Madrid-ch Sub14 2022"]
[Site "Madrid ESP"]
[Date "2022.04.09"]
[Round "4.2"]
[White "Guach Rodriguez, Marco Antonio"]
[Black "Centeno Mendoza, Julio Stefano"]
[Result "0-1"]
[WhiteElo "1456"]
[BlackElo "2010"]
[PlyCount "90"]
[EventDate "2022.04.02"]
[EventType "swiss"]
[EventRounds "6"]
[EventCountry "ESP"]
[SourceTitle "Ajedrez en Madrid"]
[Source "lmi"]
[SourceDate "2022.07.30"]
[SourceVersion "1"]
[SourceVersionDate "2022.07.30"]
[SourceQuality "1"]

1. e4 e5 2. Nf3 Nc6 3. Bb5 a6 4. Ba4 Nf6 5. Qe2 b5 6. Bb3 Be7 7. c3 O-O 8. O-O
Bb7 9. d3 h6 10. Nbd2 d5 11. Rd1 Bc5 12. h3 dxe4 13. Nxe4 Nxe4 14. dxe4 Qe7 15.
Bd5 Nd8 16. Bxb7 Nxb7 17. Be3 Rfd8 18. Nh2 Bxe3 19. Qxe3 Qc5 20. Ng4 f6 21. Qg3
Kh7 22. Ne3 Qf8 23. Qg4 Qf7 24. Nd5 Nd6 25. Rd3 h5 26. Qe2 g6 27. Rad1 Nb7 28.
Rf3 Rd6 29. g4 g5 30. Rf5 Rad8 31. Qf3 hxg4 32. hxg4 Kg7 33. Kg2 c6 34. Ne3
Rxd1 35. Nxd1 Nc5 36. Qe2 Nxe4 37. Ne3 Nc5 38. Rf3 Ne6 39. Nf5+ Kf8 40. Qe3 c5
41. Nh6 Qb7 42. Kg3 Kg7 43. Nf5+ Kg6 44. Kh2 Nf4 45. Rxf4 Rh8+ 0-1

[Event "Madrid-ch Sub14 2022"]
[Site "Madrid ESP"]
[Date "2022.04.09"]
[Round "4.3"]
[White "Suarez Hernan, Santiago"]
[Black "Arevillca Colque, Jonatan"]
[Result "1-0"]
[WhiteElo "1716"]
[BlackElo "1818"]
[PlyCount "119"]
[EventDate "2022.04.02"]
[EventType "swiss"]
[EventRounds "6"]
[EventCountry "ESP"]
[SourceTitle "Ajedrez en Madrid"]
[Source "lmi"]
[SourceDate "2022.07.30"]
[SourceVersion "1"]
[SourceVersionDate "2022.07.30"]
[SourceQuality "1"]

1. d4 d5 2. Bf4 Nf6 3. e3 e6 4. Nf3 Bd6 5. Bg3 O-O 6. Bd3 c5 7. c3 Qc7 8. Ne5
Nbd7 9. f4 Ne4 10. Nd2 cxd4 11. exd4 f6 12. Nxd7 Bxd7 13. Nxe4 dxe4 14. Bxe4
Bxf4 15. Bxf4 Qxf4 16. Qf3 Qxf3 17. Bxf3 Bc6 18. Bxc6 bxc6 19. O-O-O Rab8 20.
Rhe1 Kf7 21. Re3 Rfe8 22. Rf1 Rb5 23. g4 Reb8 24. b3 h5 25. gxh5 Rxh5 26. h3
Rg5 27. Rf2 Rg1+ 28. Kc2 Re8 29. Kd3 f5 30. Kc4 Rb8 31. Kc5 Rb6 32. Rfe2 Rg6
33. Kd6 Rf6 34. c4 f4 35. Re5 f3 36. Rf2 Rf4 37. Re3 Rxd4+ 38. Ke5 c5 39.
Rexf3+ Kg8 40. Rf8+ Kh7 41. R8f7 Rd1 42. Rxa7 Re1+ 43. Kf4 e5+ 44. Kg3 Rg6+ 45.
Kh2 e4 46. Re7 e3 47. Rg2 Rf6 48. Rexg7+ Kh6 49. R7g4 Rf5 50. Rh4+ Rh5 51.
Rxh5+ Kxh5 52. Kg3 Kg5 53. Kf3+ Kh4 54. Re2 Rf1+ 55. Kxe3 Kxh3 56. Ke4 Rf6 57.
Kd5 Rf5+ 58. Re5 Rf2 59. Kxc5 Rxa2 60. b4 1-0

[Event "Madrid-ch Sub14 2022"]
[Site "Madrid ESP"]
[Date "2022.04.09"]
[Round "4.4"]
[White "Reyero Castro, Jorge"]
[Black "Jolani, Parnian"]
[Result "1-0"]
[WhiteElo "1819"]
[BlackElo "1643"]
[PlyCount "65"]
[EventDate "2022.04.02"]
[EventType "swiss"]
[EventRounds "6"]
[EventCountry "ESP"]
[SourceTitle "Ajedrez en Madrid"]
[Source "lmi"]
[SourceDate "2022.07.30"]
[SourceVersion "1"]
[SourceVersionDate "2022.07.30"]
[SourceQuality "1"]

1. e4 e6 2. d4 d5 3. Nc3 Nf6 4. e5 Nfd7 5. Nf3 c5 6. dxc5 Bxc5 7. Bd3 Nc6 8.
Bf4 Qb6 9. O-O Qxb2 10. Nb5 O-O 11. Rb1 Qxa2 12. Ra1 Qb2 13. Qe2 Qb4 14. c4 Be7
15. Rfb1 Qc5 16. cxd5 exd5 17. e6 Nb6 18. exf7+ Rxf7 19. Be3 d4 20. Nfxd4 Bf6
21. Nxc6 Qxc6 22. Rxa7 Re7 23. Rxa8 Nxa8 24. Qa2+ Be6 25. Qxa8+ Re8 26. Qa5 Rd8
27. Be2 Qc2 28. Qe1 Bb2 29. Bb6 Rd2 30. Bd3 Rxd3 31. Qxe6+ Kf8 32. Re1 Qc6 33.
Bc5+ 1-0

[Event "Madrid-ch Sub14 2022"]
[Site "Madrid ESP"]
[Date "2022.04.09"]
[Round "4.5"]
[White "Lazaro Azcutia, Miguel"]
[Black "Bartolome Benito, Alejandro"]
[Result "1-0"]
[WhiteElo "1621"]
[BlackElo "1546"]
[PlyCount "87"]
[EventDate "2022.04.02"]
[EventType "swiss"]
[EventRounds "6"]
[EventCountry "ESP"]
[SourceTitle "Ajedrez en Madrid"]
[Source "lmi"]
[SourceDate "2022.07.30"]
[SourceVersion "1"]
[SourceVersionDate "2022.07.30"]
[SourceQuality "1"]

1. e4 c5 2. Nf3 Nc6 3. d4 cxd4 4. Nxd4 g6 5. c4 Bg7 6. Be3 Nf6 7. Nc3 Ng4 8.
Qxg4 Nxd4 9. Qd1 e5 10. Bd3 O-O 11. O-O d6 12. Nd5 Be6 13. b4 f5 14. Bxd4 exd4
15. exf5 Bxf5 16. Bxf5 Rxf5 17. Qd3 Kh8 18. Rae1 Re5 19. Re2 Qd7 20. b5 Rae8
21. Rfe1 Rxe2 22. Rxe2 Re5 23. Kf1 Qg4 24. h3 Qe6 25. f3 Rxe2 26. Qxe2 Qe5 27.
Qe4 b6 28. Ke2 Kg8 29. Qxe5 dxe5 30. Kd3 Kf7 31. Nb4 Ke6 32. Nc6 Bf8 33. Ke4
Bd6 34. Nxa7 h6 35. Nc6 h5 36. f4 exf4 37. Nxd4+ Kf6 38. h4 g5 39. hxg5+ Kxg5
40. Kf3 Be5 41. Nc6 Bc7 42. Nb4 Bd6 43. Nd5 Bc5 44. Nxf4 1-0

[Event "Madrid-ch Sub14 2022"]
[Site "Madrid ESP"]
[Date "2022.04.09"]
[Round "4.6"]
[White "Corchon Granero, Mateo"]
[Black "Cuesta Moscoso, Alvaro"]
[Result "1-0"]
[WhiteElo "1525"]
[BlackElo "1498"]
[PlyCount "57"]
[EventDate "2022.04.02"]
[EventType "swiss"]
[EventRounds "6"]
[EventCountry "ESP"]
[SourceTitle "Ajedrez en Madrid"]
[Source "lmi"]
[SourceDate "2022.07.30"]
[SourceVersion "1"]
[SourceVersionDate "2022.07.30"]
[SourceQuality "1"]

1. e4 c5 2. Nf3 e6 3. d4 cxd4 4. Nxd4 a6 5. c4 Qc7 6. Be3 Nf6 7. f3 Bb4+ 8. Bd2
Bc5 9. Be3 Qb6 10. Qd2 Nc6 11. Nc2 O-O 12. Bxc5 Qxc5 13. Nc3 Rd8 14. Rd1 d6 15.
Be2 Qh5 16. O-O Rd7 17. Na4 b5 18. Nb6 Qc5+ 19. Qe3 Qxe3+ 20. Nxe3 Raa7 21.
Nxc8 Rac7 22. Nxd6 bxc4 23. Ndxc4 Nd4 24. Kf2 Nh5 25. g3 Nf6 26. Rd2 Rc5 27.
Rfd1 Nxe2 28. Rxd7 Nxd7 29. Rxd7 1-0

[Event "Madrid-ch Sub14 2022"]
[Site "Madrid ESP"]
[Date "2022.04.09"]
[Round "4.7"]
[White "Blazquez Sanz, Oscar"]
[Black "Garcia Trabanca, Ana"]
[Result "0-1"]
[WhiteElo "1619"]
[BlackElo "1519"]
[PlyCount "140"]
[EventDate "2022.04.02"]
[EventType "swiss"]
[EventRounds "6"]
[EventCountry "ESP"]
[SourceTitle "Ajedrez en Madrid"]
[Source "lmi"]
[SourceDate "2022.07.30"]
[SourceVersion "1"]
[SourceVersionDate "2022.07.30"]
[SourceQuality "1"]

1. e4 c5 2. Nf3 d6 3. c3 Nf6 4. h3 Nbd7 5. Bd3 b6 6. Bc2 Bb7 7. Qe2 e6 8. d4
cxd4 9. cxd4 Rc8 10. Nc3 Be7 11. O-O O-O 12. Bf4 Rc7 13. Nb5 Ba6 14. Bd3 Bxb5
15. Bxb5 Qa8 16. Rac1 Rfc8 17. Bg5 Rxc1 18. Rxc1 Rxc1+ 19. Bxc1 Nf8 20. Bg5 Ng6
21. e5 dxe5 22. dxe5 Nd5 23. Bxe7 Ngxe7 24. Qe4 Qc8 25. Qc4 Qd8 26. Nd4 Ng6 27.
Nc6 Qf8 28. Qe4 Qc5 29. Qc4 Qf8 30. Qd4 Qa8 31. Qa4 Qf8 32. Qxa7 Qc5 33. Qa8+
Nf8 34. Bf1 h6 35. a3 Qc1 36. b4 Qg5 37. a4 Nf4 38. Kh2 N4g6 39. a5 bxa5 40.
Qxa5 Nd7 41. Bd3 Qf4+ 42. g3 Qxf2+ 43. Kh1 Qf3+ 44. Kh2 Qxc6 45. Bb5 Qc2+ 46.
Kg1 Ndxe5 47. Ba4 Qb1+ 48. Kg2 Qe4+ 49. Kf1 Qf3+ 50. Ke1 Qxg3+ 51. Kd1 Kh7 52.
b5 Nc4 53. Qa7 Qd6+ 54. Kc2 Nb6 55. Kb3 e5 56. Qxf7 Qd3+ 57. Kb4 Qd4+ 58. Ka5
Nxa4 59. Qe6 e4 60. h4 Nxh4 61. Qg4 Ng6 62. Qe2 Nb6 63. Ka6 Ne5 64. Ka5 Ned7
65. Ka6 Qa4+ 66. Kb7 Qa8+ 67. Kc7 Qc8+ 68. Kd6 Qe8 69. Kc6 Qe6+ 70. Kc7 Qc4+
0-1

[Event "Madrid-ch Sub14 2022"]
[Site "Madrid ESP"]
[Date "2022.04.09"]
[Round "4.8"]
[White "Raskin Calvo, Maximilian"]
[Black "Torres Rebolledo, Marcos"]
[Result "1-0"]
[WhiteElo "1397"]
[BlackElo "1526"]
[PlyCount "41"]
[EventDate "2022.04.02"]
[EventType "swiss"]
[EventRounds "6"]
[EventCountry "ESP"]
[SourceTitle "Ajedrez en Madrid"]
[Source "lmi"]
[SourceDate "2022.07.30"]
[SourceVersion "1"]
[SourceVersionDate "2022.07.30"]
[SourceQuality "1"]

1. d4 d5 2. Bf4 Nf6 3. e3 c5 4. c3 Nc6 5. Nd2 Qb6 6. Qb3 c4 7. Qc2 Bg4 8. Ngf3
e6 9. e4 Nxe4 10. Nxe4 dxe4 11. Nd2 Na5 12. Qa4+ Nc6 13. Nxc4 Qd8 14. Ne5 Rc8
15. Nxg4 Qh4 16. h3 Be7 17. g3 Qh5 18. Be2 Qd5 19. Ne5 e3 20. Bf3 exf2+ 21.
Kxf2 1-0

[Event "Madrid-ch Sub14 2022"]
[Site "Madrid ESP"]
[Date "2022.04.09"]
[Round "5.1"]
[White "Horcajuelo Rocamora, Martin"]
[Black "Centeno Mendoza, Julio Stefano"]
[Result "1/2-1/2"]
[WhiteElo "2212"]
[BlackElo "2010"]
[PlyCount "35"]
[EventDate "2022.04.02"]
[EventType "swiss"]
[EventRounds "6"]
[EventCountry "ESP"]
[SourceTitle "Ajedrez en Madrid"]
[Source "lmi"]
[SourceDate "2022.07.30"]
[SourceVersion "1"]
[SourceVersionDate "2022.07.30"]
[SourceQuality "1"]

1. d4 d5 2. c4 e6 3. Nf3 Nf6 4. Nc3 Be7 5. g3 O-O 6. Bg2 dxc4 7. Ne5 c5 8. dxc5
Qc7 9. Nxc4 Bxc5 10. O-O Nbd7 11. Qb3 a6 12. Bf4 e5 13. Bd2 Rb8 14. Rac1 b5 15.
Ne3 Nb6 16. Ned5 Nfxd5 17. Nxd5 Nxd5 18. Bxd5 1/2-1/2

[Event "Madrid-ch Sub14 2022"]
[Site "Madrid ESP"]
[Date "2022.04.09"]
[Round "5.2"]
[White "Reyero Castro, Jorge"]
[Black "Suarez Hernan, Santiago"]
[Result "1/2-1/2"]
[WhiteElo "1819"]
[BlackElo "1716"]
[PlyCount "126"]
[EventDate "2022.04.02"]
[EventType "swiss"]
[EventRounds "6"]
[EventCountry "ESP"]
[SourceTitle "Ajedrez en Madrid"]
[Source "lmi"]
[SourceDate "2022.07.30"]
[SourceVersion "1"]
[SourceVersionDate "2022.07.30"]
[SourceQuality "1"]

1. e4 c6 2. Nf3 d5 3. exd5 cxd5 4. Ne5 Nf6 5. d4 Nc6 6. Be2 Qb6 7. c3 Bf5 8.
O-O e6 9. b4 Nxe5 10. dxe5 Nd7 11. Bf4 Be7 12. a4 O-O 13. Bb5 Qc7 14. Bxd7 Qxd7
15. Qd4 Bxb1 16. Rfxb1 Rfc8 17. Be3 Rc4 18. Qd2 Qc7 19. Bd4 a5 20. bxa5 Qd7 21.
h3 Rxa5 22. Qb2 Rcxa4 23. Rxa4 Rxa4 24. Qxb7 Qxb7 25. Rxb7 Bf8 26. Rb8 Rc4 27.
Bb6 f6 28. Bd8 Kf7 29. exf6 gxf6 30. Rb7+ Kg6 31. Ba5 Rc6 32. Kf1 Bg7 33. Ke2
f5 34. Kd3 Ra6 35. Rb5 Rc6 36. g4 fxg4 37. hxg4 Kg5 38. f3 Bf6 39. Rb7 h6 40.
Rf7 Rc4 41. Rf8 Rf4 42. Rg8+ Kh4 43. Ke2 Ra4 44. Rg6 Ra2+ 45. Kf1 Bg5 46. Bc7
Ra6 47. Be5 Ra1+ 48. Ke2 Ra2+ 49. Kf1 Ra1+ 50. Ke2 Ra2+ 51. Kd1 Rf2 52. f4 Bxf4
53. Bxf4 Rxf4 54. Rxh6+ Kxg4 55. Rxe6 Kf5 56. Re8 Re4 57. Rf8+ Ke5 58. Kd2 Kd6
59. Kd3 Rc4 60. Rd8+ Ke5 61. Re8+ Kd6 62. Rh8 Rg4 63. Rd8+ Ke5 1/2-1/2

[Event "Madrid-ch Sub14 2022"]
[Site "Madrid ESP"]
[Date "2022.04.09"]
[Round "5.3"]
[White "Lazaro Azcutia, Miguel"]
[Black "Calvo Gonzalez, Jose Felix"]
[Result "1-0"]
[WhiteElo "1621"]
[BlackElo "2078"]
[PlyCount "51"]
[EventDate "2022.04.02"]
[EventType "swiss"]
[EventRounds "6"]
[EventCountry "ESP"]
[SourceTitle "Ajedrez en Madrid"]
[Source "lmi"]
[SourceDate "2022.07.30"]
[SourceVersion "1"]
[SourceVersionDate "2022.07.30"]
[SourceQuality "1"]

1. e4 c5 2. Nf3 d6 3. d4 cxd4 4. Nxd4 Nf6 5. Nc3 a6 6. Bg5 e6 7. f4 Be7 8. Qf3
O-O 9. Bd3 Nbd7 10. O-O-O Qc7 11. Qg3 Kh8 12. Rhe1 Nc5 13. e5 Ng8 14. Qh4 Nxd3+
15. Rxd3 dxe5 16. fxe5 h6 17. Rh3 b5 18. g4 Rd8 19. Nf3 Bb7 20. Ne4 Rac8 21.
Qf2 Qa5 22. Bxe7 Nxe7 23. Nfg5 Bxe4 24. Rxe4 Rf8 25. Rxh6+ Kg8 26. Rh8+ 1-0

[Event "Madrid-ch Sub14 2022"]
[Site "Madrid ESP"]
[Date "2022.04.09"]
[Round "5.4"]
[White "Guach Rodriguez, Marco Antonio"]
[Black "Corchon Granero, Mateo"]
[Result "1-0"]
[WhiteElo "1456"]
[BlackElo "1525"]
[PlyCount "163"]
[EventDate "2022.04.02"]
[EventType "swiss"]
[EventRounds "6"]
[EventCountry "ESP"]
[SourceTitle "Ajedrez en Madrid"]
[Source "lmi"]
[SourceDate "2022.07.30"]
[SourceVersion "1"]
[SourceVersionDate "2022.07.30"]
[SourceQuality "1"]

1. e4 e5 2. Nf3 Nc6 3. Bb5 a6 4. Ba4 Nf6 5. Qe2 b5 6. Bb3 Bc5 7. c3 d6 8. d3
O-O 9. Bg5 h6 10. Bh4 Bd7 11. O-O Re8 12. Nbd2 Bb6 13. h3 Na7 14. Rfd1 c6 15.
Nf1 Qe7 16. Ng3 Bd8 17. Nh5 Qf8 18. Bxf6 Bxf6 19. Nxf6+ gxf6 20. d4 Qe7 21.
dxe5 fxe5 22. Nh2 Kh7 23. Qh5 f6 24. Bf7 Rg8 25. Bxg8+ Rxg8 26. Ng4 Qf8 27. Rd3
Rg5 28. Qh4 Nc8 29. Rf3 Bxg4 30. hxg4 Qg7 31. Rf5 Rg6 32. Rd1 Ne7 33. f3 Nxf5
34. exf5 Rg5 35. Rxd6 Qe7 36. Rd2 Rg8 37. Qf2 Qc7 38. Qc5 Kg7 39. Rd6 Rc8 40.
Re6 Kf7 41. Qd6 Qxd6 42. Rxd6 Ke7 43. Rd2 c5 44. Kf2 c4 45. Ke3 Rg8 46. g3 Rg7
47. Rh2 Rh7 48. f4 exf4+ 49. gxf4 Rh8 50. g5 h5 51. g6 Kf8 52. Kf3 Kg7 53. Rd2
Re8 54. Rd7+ Kg8 55. Rd6 Kg7 56. Rxa6 Rb8 57. Ra7+ Kg8 58. b3 Rd8 59. Re7 Ra8
60. Re2 Ra3 61. Rb2 Kg7 62. Ke4 h4 63. bxc4 bxc4 64. Rc2 Kh6 65. Kd5 Ra4 66.
Ke6 Kg7 67. Rh2 Ra6+ 68. Kd5 Ra4 69. Rxh4 Rxa2 70. Kxc4 Ra4+ 71. Kd5 Ra5+ 72.
Ke4 Ra4+ 73. Kd3 Ra5 74. Rh5 Ra4 75. c4 Kf8 76. Rh8+ Kg7 77. Rh7+ Kg8 78. Rf7
Ra6 79. Kd4 Rb6 80. Kd5 Ra6 81. c5 Kh8 82. c6 1-0

[Event "Madrid-ch Sub14 2022"]
[Site "Madrid ESP"]
[Date "2022.04.09"]
[Round "5.5"]
[White "Arevillca Colque, Jonatan"]
[Black "Cuesta Moscoso, Alvaro"]
[Result "1-0"]
[WhiteElo "1818"]
[BlackElo "1498"]
[PlyCount "53"]
[EventDate "2022.04.02"]
[EventType "swiss"]
[EventRounds "6"]
[EventCountry "ESP"]
[SourceTitle "Ajedrez en Madrid"]
[Source "lmi"]
[SourceDate "2022.07.30"]
[SourceVersion "1"]
[SourceVersionDate "2022.07.30"]
[SourceQuality "1"]

1. e4 c5 2. d4 cxd4 3. c3 dxc3 4. Nxc3 Nc6 5. Nf3 Nf6 6. Bc4 a6 7. e5 Ng8 8.
O-O e6 9. Ne4 Qc7 10. Bf4 Be7 11. Rc1 Qb8 12. Qd2 h6 13. h3 h5 14. a3 Nh6 15.
Bxh6 Rxh6 16. Qf4 f6 17. Nd6+ Bxd6 18. exd6 b5 19. Bxe6 dxe6 20. Rxc6 Bd7 21.
Rc7 Qd8 22. Rfc1 g5 23. Qe4 Rh8 24. Nd4 e5 25. Qg6+ Kf8 26. Ne6+ Bxe6 27. Qg7+
1-0

[Event "Madrid-ch Sub14 2022"]
[Site "Madrid ESP"]
[Date "2022.04.09"]
[Round "5.6"]
[White "Jolani, Parnian"]
[Black "Raskin Calvo, Maximilian"]
[Result "1-0"]
[WhiteElo "1643"]
[BlackElo "1397"]
[PlyCount "55"]
[EventDate "2022.04.02"]
[EventType "swiss"]
[EventRounds "6"]
[EventCountry "ESP"]
[SourceTitle "Ajedrez en Madrid"]
[Source "lmi"]
[SourceDate "2022.07.30"]
[SourceVersion "1"]
[SourceVersionDate "2022.07.30"]
[SourceQuality "1"]

1. e4 c5 2. c3 d5 3. exd5 Qxd5 4. d4 Nc6 5. Nf3 Bf5 6. Be3 cxd4 7. cxd4 Bxb1 8.
Qxb1 e6 9. a3 Nge7 10. Bd3 g6 11. Be4 Qd6 12. Qc1 Bg7 13. O-O Bxd4 14. Nxd4
Nxd4 15. Bxd4 Qxd4 16. Bxb7 Rb8 17. Qc7 Qd8 18. Qe5 f6 19. Qb5+ Kf7 20. Rad1
Qc7 21. Rd7 Rxb7 22. Qxb7 Qxb7 23. Rxb7 Ra8 24. Rd1 Kf8 25. Rdd7 Nc6 26. Rxh7
Kg8 27. Rbg7+ Kf8 28. Rxg6 1-0

[Event "Madrid-ch Sub14 2022"]
[Site "Madrid ESP"]
[Date "2022.04.09"]
[Round "5.7"]
[White "Bartolome Benito, Alejandro"]
[Black "Blazquez Sanz, Oscar"]
[Result "1/2-1/2"]
[WhiteElo "1546"]
[BlackElo "1619"]
[PlyCount "51"]
[EventDate "2022.04.02"]
[EventType "swiss"]
[EventRounds "6"]
[EventCountry "ESP"]
[SourceTitle "Ajedrez en Madrid"]
[Source "lmi"]
[SourceDate "2022.07.30"]
[SourceVersion "1"]
[SourceVersionDate "2022.07.30"]
[SourceQuality "1"]

1. e4 e6 2. d4 d5 3. Bd3 c5 4. exd5 Qxd5 5. Nc3 Qxd4 6. Nb5 Qd8 7. Bf4 Na6 8.
Qe2 Bd7 9. O-O-O Nf6 10. Nd6+ Bxd6 11. Bxd6 Qb6 12. Bc4 Nc7 13. Qe3 Qc6 14.
Qxc5 Ne4 15. Qxc6 Bxc6 16. Bxc7 Nxf2 17. Ne2 Nxh1 18. Rxh1 Bxg2 19. Bb5+ Bc6
20. Bxc6+ bxc6 21. Rg1 Kd7 22. Be5 Rhg8 23. Bxg7 a5 24. Rd1+ Kc7 25. Be5+ Kb6
26. Rd7 1/2-1/2

[Event "Madrid-ch Sub14 2022"]
[Site "Madrid ESP"]
[Date "2022.04.09"]
[Round "5.8"]
[White "Garcia Trabanca, Ana"]
[Black "Torres Rebolledo, Marcos"]
[Result "1-0"]
[WhiteElo "1519"]
[BlackElo "1526"]
[PlyCount "93"]
[EventDate "2022.04.02"]
[EventType "swiss"]
[EventRounds "6"]
[EventCountry "ESP"]
[SourceTitle "Ajedrez en Madrid"]
[Source "lmi"]
[SourceDate "2022.07.30"]
[SourceVersion "1"]
[SourceVersionDate "2022.07.30"]
[SourceQuality "1"]

1. d4 d5 2. Nf3 Nf6 3. e3 c5 4. c3 Nc6 5. Bd3 Bg4 6. O-O e6 7. Nbd2 Bd6 8. b3
O-O 9. Bb2 Qc7 10. h3 Bh5 11. e4 dxe4 12. Nxe4 Nxe4 13. Bxe4 cxd4 14. cxd4 Bg6
15. Ng5 Be7 16. Bxg6 hxg6 17. Nf3 Rfd8 18. Rc1 Qb6 19. Qe2 Bf6 20. Rfd1 Nxd4
21. Nxd4 Bxd4 22. Bxd4 Rxd4 23. Rxd4 Qxd4 24. Rd1 Qb6 25. Qf3 Rc8 26. Rd7 f6
27. Rxb7 Qd6 28. Qe3 a5 29. Rb5 Ra8 30. Rb6 Qd1+ 31. Kh2 e5 32. Qe4 Qd8 33. Rb7
Qe8 34. Qd5+ Kh7 35. Qd6 Qd8 36. Rd7 Qf8 37. Qxf8 Rxf8 38. Ra7 Rd8 39. Rxa5 Rd2
40. f3 f5 41. Rxe5 Rxa2 42. b4 Rb2 43. Rb5 Kh6 44. Rb7 g5 45. b5 Kh5 46. b6 g6
47. Rh7# 1-0

[Event "Madrid-ch Sub14 2022"]
[Site "Madrid ESP"]
[Date "2022.04.10"]
[Round "6.2"]
[White "Centeno Mendoza, Julio Stefano"]
[Black "Lazaro Azcutia, Miguel"]
[Result "1-0"]
[WhiteElo "2010"]
[BlackElo "1621"]
[PlyCount "45"]
[EventDate "2022.04.02"]
[EventType "swiss"]
[EventRounds "6"]
[EventCountry "ESP"]
[SourceTitle "Ajedrez en Madrid"]
[Source "lmi"]
[SourceDate "2022.07.30"]
[SourceVersion "1"]
[SourceVersionDate "2022.07.30"]
[SourceQuality "1"]

1. e4 e5 2. Nc3 Nf6 3. Bc4 Nxe4 4. Qh5 Nd6 5. Bb3 Be7 6. Qxe5 O-O 7. Nge2 Nc6
8. Qd5 b6 9. O-O Bb7 10. Qh5 g6 11. Qh3 Bf6 12. d3 Nd4 13. Nxd4 Bxd4 14. Nd5
Bg7 15. Ne3 Re8 16. c3 a5 17. a4 Ba6 18. Bc2 Bb7 19. Bd2 h5 20. Rae1 Re7 21.
Bb3 c6 22. Qg3 Ne8 23. Qxg6 1-0

[Event "Madrid-ch Sub14 2022"]
[Site "Madrid ESP"]
[Date "2022.04.10"]
[Round "6.3"]
[White "Guach Rodriguez, Marco Antonio"]
[Black "Reyero Castro, Jorge"]
[Result "1/2-1/2"]
[WhiteElo "1456"]
[BlackElo "1819"]
[PlyCount "129"]
[EventDate "2022.04.02"]
[EventType "swiss"]
[EventRounds "6"]
[EventCountry "ESP"]
[SourceTitle "Ajedrez en Madrid"]
[Source "lmi"]
[SourceDate "2022.07.30"]
[SourceVersion "1"]
[SourceVersionDate "2022.07.30"]
[SourceQuality "1"]

1. e4 e5 2. Nf3 Nc6 3. Bb5 Bc5 4. c3 Nge7 5. Qe2 O-O 6. d3 d6 7. Be3 Bb6 8.
Nbd2 h6 9. O-O f5 10. Bxb6 axb6 11. exf5 Bxf5 12. d4 Ng6 13. Bxc6 bxc6 14. Rad1
e4 15. Ne1 Nf4 16. Qe3 Qg5 17. g3 Nh3+ 18. Kh1 Nxf2+ 19. Qxf2 Bg4 20. Ndf3 Rxf3
21. Nxf3 Bxf3+ 22. Kg1 Bxd1 23. Rxd1 Rf8 24. Qe2 d5 25. Rf1 Rxf1+ 26. Kxf1 Kf7
27. Kg2 Qf5 28. b4 b5 29. Qe3 g5 30. h4 gxh4 31. Qxh6 Qf3+ 32. Kg1 hxg3 33.
Qh7+ Ke8 34. Qh8+ Kd7 35. Qh3+ Ke7 36. Qh4+ Ke6 37. Qh3+ Kf6 38. Qh8+ Kg5 39.
Qg7+ Kf5 40. Qf7+ Kg4 41. Qg7+ Kf4 42. Qh6+ Kf5 43. Qf8+ Kg4 44. Qg7+ Kh4 45.
Qe7+ Kh5 46. Qh7+ Kg5 47. Qg7+ Kf5 48. Qf7+ Kg4 49. Qg7+ Kf4 50. Qh6+ Kf5 51.
Qf8+ Ke6 52. Qe8+ Kd6 53. Qd8+ Ke6 54. Qe8+ Kf5 55. Qf7+ Kg4 56. Qg6+ Kf4 57.
Qh6+ Kf5 58. Qf8+ Kg6 59. Qg8+ Kh6 60. Qh8+ Kg6 61. Qg8+ Kh6 62. Qh8+ Kg5 63.
Qg7+ Kh5 64. Qh7+ Kg4 65. Qg7+ 1/2-1/2